Złoty Puchar CONCACAF TOP4 - Statystyki

Ogólne statystyki
  • Ten quiz został rozwiązany 85 razy
  • Średni wynik to 9 z 16
Statystyki odpowiedzi
Najlepszy osiągnięty wynik Reprezentacja % Poprawnych
Mistrzostwo Stany Zjednoczone
93%
Mistrzostwo Kanada
92%
Mistrzostwo Meksyk
92%
Finał Kostaryka
81%
Finał Jamajka
75%
Finał Honduras
74%
Finał Panama
74%
Półfinał Haiti
64%
Finał Brazylia
63%
Półfinał Gwatemala
51%
Półfinał Trynidad i Tobago
48%
Finał Kolumbia
44%
Półfinał Peru
40%
Półfinał Katar
29%
Półfinał Korea Południowa
11%
Półfinał Gwadelupa
10%
Nie znaleziono quizów pasujących do podanych kryteriów
Rozkład punktacji
Procent ludzi z każdym wynikiem
Percentyl według liczby udzielonych odpowiedzi
Twoja historia wyników
Nie rozwiązałeś tego quizu